[Event "V Open RGCC 2019"]
[Site "Gijon"]
[Date "2019.07.22"]
[Round "1.1"]
[White "Blazquez Lopez, Berna"]
[Black "Grigoryan, Karen H."]
[Result "0-1"]
[WhiteElo "2154"]
[BlackElo "2549"]
[Annotator "ChessBase"]
[PlyCount "88"]
[EventDate "2019.07.22"]
[EventType "swiss"]
[EventCountry "ESP"]
[SourceTitle "playchess.com"]
[Source "ChessBase"]
[SourceQuality "1"]
[TimeControl "5400+30"]

1. d4 g6 2. Nf3 Bg7 3. e4 d6 4. Bc4 e6 5. O-O Ne7 6. a4 O-O 7. c3 Nd7 8. Qe2 c5 9. Bf4 d5 10. exd5 exd5 11. Re1 dxc4 12. Qxe7 Qxe7 13. Rxe7 Nb6 14. Re1 Bd7 15. a5 Na4 16. Ra2 cxd4 17. Nxd4 Nc5 18. Be3 Nd3 19. Rd1 f5 20. g3 f4 21. gxf4 Bg4 22. Rd2 Bxd4 23. cxd4 Ne1 24. Kf1 Nf3 25. Rc2 Bf5 26. Rc1 Nxh2+ 27. Kg2 Ng4 28. Nd2 Be6 29. Nxc4 g5 30. fxg5 Bd5+ 31. Kg1 Rf3 32. b3 Raf8 33. Rc3 Rh3 34. Kf1 Bxc4+ 35. bxc4 Rxe3 36. Rcc2 Re4 37. Rcb2 Ne3+ 38. Kg1 Rg4+ 39. Kh2 Nf1+ 40. Kh3 Rxg5 41. Rxb7 Rf6 42. Rb8+ Kg7 43. Rb7+ Kh6 44. Rb3 Rfg6 0-1

[Event "V Open RGCC 2019"]
[Site "Gijon"]
[Date "2019.07.22"]
[Round "1.2"]
[White "Martinez Duany, Lelys Stanley"]
[Black "Fernandez Torre, Ivan"]
[Result "1/2-1/2"]
[WhiteElo "2535"]
[BlackElo "2154"]
[Annotator "TA"]
[PlyCount "137"]
[EventDate "2019.07.22"]
[EventType "swiss"]
[EventCountry "ESP"]
[SourceTitle "playchess.com"]
[Source "ChessBase"]
[SourceQuality "1"]

{[%evp 12,137,17,0,20,14,21,20,20,0,11,0,43,43,70,71,66,70,70,70,113,101,191,215,279,279,270,272,272,239,271,221,229,264,280,159,172,164,170,115,124,106,106,-91,-62,-69,-69,-81,-42,-42,-43,-46,-70,-204,-129,-139,-128,-73,-61,-60,-57,-62,0,0,-2,-15,0,-18,0,0,0,0,0,-17,-17,-333,-314,-202,-312,-483,-460,-658,-642,-770,-770,-770,-766,-986,-1048,-1116,-1119,-1116,-1068,-29958,-12772,-7736,-4133,-29968,-29969,-29967,-29969,-29962,-29963,-29973,-29974,-29974,-29975,-29975,-29976,-29978,-29979,-29981,-29979,-29981,-29981,-29984,0,0,0,0,0,0,0,0,0,0,8,8]} 1. Nf3 Nf6 2. c4 g6 3. b4 Bg7 4. Bb2 O-O 5. e3 d6 6. d4 a5 7. b5 c6 {A15: English Opening: 1...Nf6} (7... a4 8. Be2 c6 9. bxc6 bxc6 10. O-O Ne4 11. Qc2 Qb6 12. Ba3 f5 13. Bd3 c5 14. Bxe4 fxe4 15. Qxe4 {1-0 (39) Bryzgalin,K (2430)-Li,D (2441) Innsbruck 2018}) 8. a4 Nbd7 9. Be2 c5 10. O-O cxd4 11. exd4 Nb6 $146 ({Predecessor:} 11... b6 12. Nbd2 Bb7 13. Nb3 Rc8 14. Rc1 {0-1 (55) Hebelka,M (2189)-Krnan,T (2030) Bratislava 2000}) 12. Nbd2 Nh5 13. Re1 Nf4 14. Bf1 Bf5 15. Qb3 h6 16. Qe3 Ne6 {[#]} (16... g5 $16 {was called for.}) 17. Nh4 $1 $18 Bc2 18. Rac1 Bf5 19. Nxf5 gxf5 20. Bd3 f4 21. Qe4 {[%csl Gd3][%cal Re4h7]} Ng5 22. Qxf4 (22. Qxe7 Qxe7 23. Rxe7 Nxa4) 22... Nxa4 23. Ba1 ({White should try} 23. Ba3 $18) 23... e5 $16 24. Qg3 exd4 25. h4 (25. f4 $18) 25... Ne6 26. Nf3 Qf6 27. Re4 $2 ({Reject} 27. Qxd6 Nac5 $15) (27. Nxd4 $16 {stays on course.} Nxd4 28. Re4) 27... Nac5 $1 $17 {[%csl LRd3,LRe4][%mdl 64] Double Attack} 28. Rd1 $1 ({Not} 28. Rxd4 $2 Nb3 $19) 28... Nxe4 29. Bxe4 Qf4 ({Avoid the trap} 29... Nc5 $2 30. Bc2 $18) 30. Qxf4 Nxf4 31. Bxb7 Ra7 32. Ba6 (32. Bc6 $15) 32... Rc7 33. Nxd4 Bxd4 34. Bxd4 {aiming for b6.} Ne2+ 35. Kf1 Nxd4 36. Rxd4 $15 {[%mdl 4096] Endgame KRR-KRB} Re8 ({Better is} 36... a4 $15) 37. b6 $11 Rce7 {[%csl Ge8][%cal Re7e1]} 38. g3 Re1+ 39. Kg2 Rb1 40. Rxd6 a4 $1 {[%cal Ba5a4,Ba4a3,Ba3b2][%mdl 32]} 41. c5 a3 {Strongly threatening ...a2.} 42. Rd2 Rb2 43. Rxb2 $4 {[%mdl 8192]} (43. Rd1 $11) 43... axb2 {KR-KB} 44. Bd3 Kf8 {[%mdl 1024] Black has strong compensation.} 45. Kf3 (45. h5 $142) 45... Ke7 $19 46. Bf5 {[#]} (46. Ke4 $142 Kf6+ 47. Kf3) 46... Rc8 $3 {[%mdl 512]} 47. Bd3 {Now Ke3 and White clings on.} (47. Bxc8 b1=Q) 47... Kd8 48. b7 Rb8 49. c6 Kc7 50. Kg4 Rd8 51. Bh7 Kxc6 52. Kh5 Kc7 53. Bb1 Rd1 54. Be4 {[#]} f5 $1 {[%mdl 512]} 55. Bc2 (55. Bxf5 Rd5) 55... Rd2 56. Bb1 Rd6 57. f3 Kxb7 58. g4 fxg4 59. fxg4 Kc7 60. g5 hxg5 61. hxg5 Kd8 62. g6 Ke7 63. Kh6 Kf8 $2 (63... Rd1 {mates} 64. Bc2 {[#]} Kf6 $1 {[%mdl 512]} 65. Kh5 b1=Q 66. Bxb1 Rxb1 67. Kg4 Kxg6 68. Kf4 Re1 69. Kf3 Kg5 70. Kf2 Re7 71. Kf3 Re6 72. Kg3 Rf6 73. Kh3 Kf4 74. Kg2 Kg4 75. Kh1 Kh3 76. Kg1 Kg3 77. Kh1 Rf1#) 64. Kh7 $1 $11 {Hoping for g7+.The position is equal.} Rd7+ (64... Rd2 $5 65. g7+ $8 Ke7 $11) 65. Kh8 $1 Rg7 66. Bc2 Rc7 67. Bb1 Rg7 68. Bc2 {[#]} Rxg6 $1 {[%mdl 512]} 69. Bxg6 {Accuracy: White = 48%, Black = 68%.} 1/2-1/2

[Event "V Open RGCC 2019"]
[Site "Gijon"]
[Date "2019.07.22"]
[Round "1.3"]
[White "Margarido, Jose Miguel Teixeira"]
[Black "Ortiz Suarez, Isan Reynaldo"]
[Result "0-1"]
[WhiteElo "2150"]
[BlackElo "2533"]
[Annotator "TA"]
[PlyCount "124"]
[EventDate "2019.07.22"]
[EventType "swiss"]
[EventCountry "ESP"]
[SourceTitle "playchess.com"]
[Source "ChessBase"]
[SourceQuality "1"]

{[%evp 12,124,14,10,28,28,32,27,26,22,31,9,19,0,0,6,14,4,3,0,0,0,0,0,0,0,0,0,0,0,0,0,0,-14,1,0,0,0,0,0,0,0,15,0,0,4,7,0,14,0,6,0,0,0,5,0,61,0,0,0,18,0,27,0,9,0,11,8,20,8,60,12,14,-19,10,0,0,0,0,0,0,0,0,0,-4,-8,-8,-75,-75,-75,-86,-93,-96,-875,-510,-503,-441,-441,-460,-5600,-1561,-5206,-1175,-5732,-4802,-2575,-1634,-12845,-4610,-8828,-10162,-7638,-7626,-5539,-5002]} 1. e4 c5 2. Nf3 d6 3. Bb5+ Nd7 4. d4 cxd4 5. Qxd4 a6 6. Bxd7+ Bxd7 7. Nc3 Rc8 {B51: Sicilian: Moscow Variation (3 Bb5+) without 3...Bd7} (7... e5 8. Qd3 Rc8 9. O-O h6 10. Nd2 Be6 11. Rd1 Nf6 12. Nf1 Bc4 13. Qf3 Bxf1 14. Kxf1 Be7 15. Qd3 Rc6 {½-½ (30) Ni,H (2674)-Fedoseev,V (2702) China 2019}) 8. e5 dxe5 9. Nxe5 Nf6 {White has an edge.} 10. Bf4 Bc6 $146 ({Predecessor:} 10... Bb5 11. Qxd8+ Rxd8 12. a4 Bc6 13. Nxc6 bxc6 14. Ke2 e6 15. Rhd1 {1-0 (52) Jovanovic,Z (2536)-Palac,M (2551) Pozega 2018}) 11. Nxc6 Rxc6 12. O-O-O {[%csl Gd1][%cal Rd4d8]} Qxd4 13. Rxd4 {Black should prevent Rhd1.} e6 14. Rhd1 {Hoping for Rd8+.} Be7 15. f3 h5 16. a4 h4 17. Bd6 Rh5 18. Bxe7 Kxe7 19. R1d2 Rh8 20. Kd1 Rc7 21. Ke2 g5 22. Nd1 Nh5 23. Ne3 h3 24. g4 Nf4+ 25. Kf2 b5 26. a5 Rhc8 27. Rd6 Rc6 28. Rd7+ Kf6 29. c3 R8c7 30. Rd8 Ke7 31. R8d4 Rc5 32. Rd6 Ra7 33. R6d4 Rb7 (33... Rac7 $11) 34. Kg3 (34. Nc2 $1 $14) 34... Re5 $11 35. Kf2 $1 Kf6 36. Rd1 (36. Nc2 {is more complex.} b4 37. cxb4 Rc7 38. Ne3 Rc1 39. Rd1) 36... Rc7 37. R1d2 Ke7 38. Rd1 Ng6 39. Rd6 Ra7 40. R1d2 Rc5 (40... Nf4 $11) 41. Rd8 Ne5 42. Rg8 Nc4 43. Nxc4 bxc4 {[%mdl 4096] Endgame KRR-KRR} 44. Rb8 Rxa5 45. Kg3 Rb5 46. Rxb5 axb5 47. Kxh3 {KR-KR} Ra2 48. Kg3 {[#]} b4 $1 {[%cal Bb5b4,Bb4b3,Bb3b2][%mdl 544] And now ...bxc3 would win.} 49. Rd4 (49. Rg2 $11 {keeps the balance.}) (49. cxb4 c3) 49... Rxb2 $17 50. Rxc4 b3 51. Rb4 Rb1 52. h4 $2 {[%mdl 8192]} (52. Kg2 $17) 52... b2 $19 {White must now prevent ...Rg1+.Black is clearly winning.} 53. Kg2 gxh4 54. f4 Kd6 55. Rd4+ (55. Rb5 $142) 55... Kc5 (55... Kc6 $142 56. Rb4 Kc5) 56. Rb4 Kc6 57. Rc4+ Kb5 58. Rb4+ Kc5 59. g5 {[#]} Kc6 (59... h3+ $142 $1 {[%mdl 512]} 60. Kh2 (60. Kxh3 Rh1+) 60... Kd5 61. Rb5+ {[#]} Kc4 $1 {[%mdl 512]}) 60. Rb8 Kd5 61. Rb4 Kc5 62. Kh2 {[#]} h3 $1 {[%mdl 576] Promotion. Accuracy: White = 38%, Black = 60%.} 0-1

[Event "V Open RGCC 2019"]
[Site "Gijon"]
[Date "2019.07.22"]
[Round "1.4"]
[White "Rios, Cristhian Camilo"]
[Black "Rivas Vila, David"]
[Result "1-0"]
[WhiteElo "2520"]
[BlackElo "2149"]
[Annotator "TA"]
[PlyCount "47"]
[EventDate "2019.07.22"]
[EventType "swiss"]
[EventCountry "ESP"]
[SourceTitle "playchess.com"]
[Source "ChessBase"]
[SourceQuality "1"]

{[%evp 14,81,30,27,32,17,20,26,65,47,44,35,95,96,120,111,189,175,237,203,237,214,233,110,113,114,109,121,127,116,150,146,228,209,218,117,119,83,96,110,106,106,119,45,46,65,175,129,297,281,290,312,435,391,401,383,412,399,396,373,1737,1729,1647,1647,1101,1053,1211,962,29997,372]} 1. d4 d5 2. c4 e6 3. Nc3 Nf6 4. cxd5 exd5 5. Bg5 Be7 6. e3 O-O 7. Bd3 Nbd7 8. Qc2 a6 {D35: Queen's Gambit Declined: Exchange Variation} (8... h6 9. Bf4 a6 10. Nf3 b6 11. O-O c5 12. Rfd1 Bb7 13. Rac1 c4 14. Bf5 b5 15. a3 Re8 16. Ne5 Bf8 17. Qe2 {0-1 (50) Tregubov,P (2589)-Dourerassou,J (2484) Paris 2017}) 9. Nge2 h6 10. Bh4 c5 {White has an edge.} 11. dxc5 Nxc5 12. O-O Ne6 $146 (12... Be6 $14) ({Predecessor:} 12... b5 13. Rad1 Nxd3 14. Bxf6 Bxf6 15. Qxd3 {1-0 (39) Hollan,M (2336)-Dionizio,A (2010) Manavgat 2018}) 13. Rfd1 $16 g5 14. Bg3 Qa5 (14... b5 $16) 15. Be5 $18 Rd8 (15... Ng7 {was called for.} 16. Nd4 Ng4) 16. a3 Kf8 17. b4 Qb6 18. Qb3 (18. h3 $18) 18... Nc5 $16 19. Qb2 Nxd3 20. Rxd3 Bf5 21. Rd2 Rac8 22. Nd4 Bg6 (22... Bd7 $16 23. Rad1 Re8 24. Bxf6 Bxf6) 23. Na4 $18 Qa7 24. Nb3 {Played: Nd4-e6} 1-0

[Event "V Open RGCC 2019"]
[Site "Gijon"]
[Date "2019.07.22"]
[Round "1.6"]
[White "Larino Nieto, David"]
[Black "Tadevosyan, Aspet"]
[Result "1-0"]
[WhiteElo "2471"]
[BlackElo "2144"]
[Annotator "TA"]
[PlyCount "63"]
[EventDate "2019.07.22"]
[EventType "swiss"]
[EventCountry "ESP"]
[SourceTitle "playchess.com"]
[Source "ChessBase"]
[SourceQuality "1"]

{[%evp 9,80,-18,-21,-29,-18,-84,-66,-100,-99,-122,-115,-112,-109,-110,-118,-131,-32,-25,-16,-7,-8,-21,-17,-10,-4,-16,-2,0,33,0,0,-17,0,-21,-22,-22,-22,-31,16,0,0,-9,121,114,123,122,119,94,138,52,86,72,93,0,0,0,260,268,768,760,726,726,29982,29982,29982,29983,29983,5314,2076,1968,29997,29998,29999]} 1. Nf3 Nf6 2. b3 g6 3. Bb2 Bg7 4. h4 (4. c4 O-O 5. g3 d6 6. d4 Nbd7 7. Bg2 c6 8. O-O Re8 9. Nc3 e5 10. e4 exd4 11. Nxd4 Nc5 12. Re1 Ng4 13. h3 Ne5 14. Re3 Qb6 15. Nc2 a5 16. Bf1 Be6 17. Rb1 a4 18. b4 Ncd7 19. Na3 Qxb4 20. Bc1 {½-½ (41) Caruana,F (2816)-Grischuk,A (2766) Paris 2018}) 4... O-O 5. h5 $146 ({Predecessor:} 5. d3 d6 6. Nbd2 e5 7. e4 a5 8. a3 Bd7 9. Be2 Na6 {0-1 (33) Mikhaletz,L (2405)-Alexikov,A (2332) Vinnytsia 2016}) 5... Nxh5 6. Bxg7 {A05: Réti Opening: 1 Nf3 Nf6} Nxg7 7. d3 (7. d4 $11) 7... d5 $17 8. Qc1 {Black is slightly better.} h5 9. e4 dxe4 10. dxe4 Bg4 11. Nbd2 Nc6 12. Qb2 e5 (12... Qd6 $17 13. Bd3 Rad8) 13. Nxe5 $15 Nxe5 14. Qxe5 Re8 15. Qc3 Qd6 16. Bd3 Rad8 17. O-O $1 h4 18. Rae1 {[%cal Ba1e1,Be1e3,Be3f3,Bf3f6][%mdl 32]} Qf4 19. Re3 Ne6 20. e5 {Hoping for Ne4.} Kg7 21. Nf3 Bxf3 22. Rxf3 Qg4 23. Re1 Rh8 24. Re4 Qg5 25. Kh2 {[#]} Qe7 (25... Rd4 $1 $11 {[%mdl 512] keeps the balance.}) 26. Rf6 $16 Rh5 27. Bc4 {Black must now prevent Bxe6.} Rf8 28. b4 c5 29. a3 ({White should play} 29. Bxe6 $16 fxe6 30. Rxf8 (30. bxc5 Rxf6 31. exf6+ Qxf6 $14) 30... Qxf8 31. Qxc5) 29... cxb4 $14 30. axb4 {Strongly threatening Bxe6.} Rc8 {And now ...b5! would win.} 31. Qe3 (31. Qa1 $16) 31... Rxe5 $1 $11 32. Rxg6+ {Played: Rf6xe6} 1-0

[Event "V Open RGCC 2019"]
[Site "Gijon"]
[Date "2019.07.22"]
[Round "1.7"]
[White "Perez Ordonez, Jose Ramon"]
[Black "Gascon Del Nogal, Jose Rafael"]
[Result "0-1"]
[WhiteElo "2142"]
[BlackElo "2466"]
[Annotator "ChessBase"]
[PlyCount "76"]
[EventDate "2019.07.22"]
[EventType "swiss"]
[EventCountry "ESP"]
[SourceTitle "playchess.com"]
[Source "ChessBase"]
[SourceQuality "1"]
[TimeControl "5400+30"]

1. d4 Nf6 2. c4 b6 3. Nf3 Bb7 4. g3 c5 5. d5 b5 6. Bg2 bxc4 7. Nc3 g6 8. O-O d6 9. Nd2 Bg7 10. Re1 O-O 11. Nxc4 a5 12. e4 Ba6 13. Qb3 Nbd7 14. a4 Ng4 15. h3 Nge5 16. Nb5 Nxc4 17. Qxc4 Qb8 18. Bf1 Ne5 19. Qb3 Rc8 20. Bc4 Qb7 21. Bd2 Nxc4 22. Qxc4 Rcb8 23. Bxa5 Bxb5 24. axb5 Bxb2 25. Ra2 Qxb5 26. Qxb5 Rxb5 27. Rb1 Raxa5 28. Raxb2 Rxb2 29. Rxb2 Ra4 30. f3 f5 31. e5 Rd4 32. Rb8+ Kf7 33. e6+ Kg7 34. Re8 Rxd5 35. Rxe7+ Kf6 36. Rxh7 Kxe6 37. h4 Rd2 38. Rh6 c4 0-1

[Event "V Open RGCC 2019"]
[Site "Gijon"]
[Date "2019.07.23"]
[Round "2.1"]
[White "Grigoryan, Karen H."]
[Black "Vinuela Diaz, Saul"]
[Result "1-0"]
[WhiteElo "2549"]
[BlackElo "2280"]
[Annotator "ChessBase"]
[PlyCount "93"]
[EventDate "2019.07.22"]
[EventType "swiss"]
[EventCountry "ESP"]
[SourceTitle "playchess.com"]
[Source "ChessBase"]
[SourceQuality "1"]
[TimeControl "5400+30"]

1. e4 c5 2. Nc3 Nc6 3. Bb5 Nd4 4. Bc4 e6 5. Nf3 a6 6. Nxd4 cxd4 7. Ne2 b5 8. Bd3 e5 9. c3 dxc3 10. dxc3 d5 11. O-O Bb7 12. Ng3 Nf6 13. Qe2 Bd6 14. Rd1 dxe4 15. Bxe4 Nxe4 16. Nxe4 Bxe4 17. Qxe4 O-O 18. a4 bxa4 19. Rxa4 Qb6 20. b4 Rac8 21. Be3 Qc6 22. Qxc6 Rxc6 23. c4 Rb8 24. b5 axb5 25. cxb5 Rxb5 26. Ra8+ Bf8 27. g4 f5 28. Rdd8 Rf6 29. Bg5 Rbb6 30. Bxf6 Rxf6 31. g5 Rf7 32. f3 g6 33. Re8 e4 34. f4 Kg7 35. Kg2 Kg8 36. Kg3 Kg7 37. h4 Kg8 38. h5 gxh5 39. Kh4 Kg7 40. Kxh5 e3 41. Rxe3 Rc7 42. Ree8 Rc1 43. Ra7+ Kg8 44. g6 hxg6+ 45. Kxg6 Rc6+ 46. Kxf5 Rc5+ 47. Ke4 1-0

[Event "V Open RGCC 2019"]
[Site "Gijon"]
[Date "2019.07.23"]
[Round "2.2"]
[White "Ortiz Suarez, Isan Reynaldo"]
[Black "Prieto Aranguren, Alain"]
[Result "1-0"]
[WhiteElo "2533"]
[BlackElo "2272"]
[Annotator "RC"]
[PlyCount "71"]
[EventDate "2019.07.22"]
[EventType "swiss"]
[EventCountry "ESP"]
[SourceTitle "playchess.com"]
[Source "ChessBase"]
[SourceQuality "1"]
[TimeControl "5400+30"]

1. Nf3 Nf6 2. c4 g6 3. g3 Bg7 4. Bg2 O-O 5. d4 d6 6. O-O Nbd7 7. Nc3 e5 8. Qc2 exd4 9. Nxd4 Nb6 10. Rd1 Nxc4 11. Ncb5 a6 12. Qxc4 axb5 13. Nxb5 Ne8 14. Qc2 Bf5 15. e4 Bd7 16. Nc3 Bc6 17. Be3 Nf6 18. Bd4 Nd7 19. b4 Bxd4 20. Rxd4 Nb6 21. a4 Re8 22. a5 Nc8 23. b5 Bd7 24. Qb2 c6 25. b6 Re5 26. a6 Rb8 27. a7 Ra8 28. f4 Re8 29. e5 Qxb6 30. Qxb6 Nxb6 31. Ne4 Red8 32. Nxd6 c5 33. Rdd1 Bc6 34. Bxc6 bxc6 35. Rdb1 Nd5 36. Rb7 1-0

[Event "V Open RGCC 2019"]
[Site "Gijon"]
[Date "2019.07.23"]
[Round "2.3"]
[White "Gomez Dieguez, David"]
[Black "Rios, Cristhian Camilo"]
[Result "0-1"]
[WhiteElo "2282"]
[BlackElo "2520"]
[Annotator "ChessBase"]
[PlyCount "88"]
[EventDate "2019.07.22"]
[EventType "swiss"]
[EventCountry "ESP"]
[SourceTitle "playchess.com"]
[Source "ChessBase"]
[SourceQuality "1"]
[TimeControl "5400+30"]

1. e4 c5 2. Nf3 d6 3. d4 cxd4 4. Nxd4 Nf6 5. Nc3 a6 6. h3 e6 7. g4 h6 8. Bg2 Nc6 9. Nxc6 bxc6 10. e5 Nd5 11. exd6 Bxd6 12. Ne4 Be5 13. c4 Nf4 14. Bxf4 Bxf4 15. Qf3 Qc7 16. Nd6+ Ke7 17. Qxf4 Qxd6 18. Qxd6+ Kxd6 19. O-O-O+ Kc7 20. c5 Bd7 21. Rd6 Rhb8 22. Rhd1 Be8 23. Bf1 a5 24. a3 a4 25. R6d4 Ra5 26. Kb1 e5 27. Rb4 Rba8 28. Rc1 Rd8 29. f4 exf4 30. Rxf4 f6 31. Re1 Bg6+ 32. Ka2 Bc2 33. Re7+ Rd7 34. Rxd7+ Kxd7 35. Rd4+ Kc7 36. Bc4 Rxc5 37. Be6 Re5 38. Rd7+ Kb6 39. Bg8 Re3 40. b4 axb3+ 41. Kb2 Rxh3 42. Rxg7 Rg3 43. Be6 Rg2 44. Bxb3 Bd1+ 0-1

[Event "V Open RGCC 2019"]
[Site "Gijon"]
[Date "2019.07.23"]
[Round "2.4"]
[White "Forgas Moreno, Yaniela"]
[Black "Larino Nieto, David"]
[Result "0-1"]
[WhiteElo "2272"]
[BlackElo "2471"]
[Annotator "ChessBase"]
[PlyCount "108"]
[EventDate "2019.07.22"]
[EventType "swiss"]
[EventCountry "ESP"]
[SourceTitle "playchess.com"]
[Source "ChessBase"]
[SourceQuality "1"]
[TimeControl "5400+30"]

1. e4 e5 2. Nf3 Nc6 3. Bc4 Nf6 4. d3 h6 5. c3 d6 6. O-O g5 7. Nbd2 Bg7 8. Bb3 Nh5 9. Nc4 Nf4 10. Ne3 g4 11. Ne1 h5 12. Nd5 Nxd5 13. exd5 Ne7 14. f4 O-O 15. Nc2 Bd7 16. fxe5 dxe5 17. Bg5 Kh7 18. d6 cxd6 19. Rxf7 Rxf7 20. Bxf7 Qb6+ 21. Be3 Qxb2 22. Rb1 Qxc3 23. Rxb7 Ba4 24. Rxe7 Bxc2 25. Qc1 Qxd3 26. Bh6 Qd4+ 27. Kh1 Qd1+ 28. Qxd1 Bxd1 29. Bxg7 Kxg7 30. Bd5+ Kf8 31. Rh7 Rd8 32. Rh8+ Ke7 33. Rxh5 Bc2 34. Rg5 Rb8 35. h4 gxh3 36. gxh3 Kf6 37. Rg2 Bf5 38. Rf2 Rb4 39. Kg2 e4 40. Bc6 Ke5 41. Rd2 Be6 42. h4 Rb6 43. Ba4 d5 44. Bb3 e3 45. Rd3 d4 46. Bxe6 Rxe6 47. Kf1 Ke4 48. Ra3 a6 49. Ke2 Rb6 50. Ra4 Rb2+ 51. Ke1 Kf3 52. Rxd4 Rb1+ 53. Rd1 Rxd1+ 54. Kxd1 Kf2 0-1

[Event "V Open RGCC 2019"]
[Site "Gijon"]
[Date "2019.07.23"]
[Round "2.5"]
[White "Gascon Del Nogal, Jose Rafael"]
[Black "Laiz Ibanez, Hector"]
[Result "0-1"]
[WhiteElo "2466"]
[BlackElo "2268"]
[Annotator "ChessBase"]
[PlyCount "64"]
[EventDate "2019.07.22"]
[EventType "swiss"]
[EventCountry "ESP"]
[SourceTitle "playchess.com"]
[Source "ChessBase"]
[SourceQuality "1"]
[TimeControl "5400+30"]

1. d4 Nf6 2. Nf3 e6 3. e3 d5 4. c4 a6 5. b3 b6 6. Bd3 Bb7 7. O-O Nbd7 8. Bb2 Bd6 9. Nc3 O-O 10. Rc1 Qe7 11. Na4 dxc4 12. bxc4 c5 13. Ne5 Rfd8 14. Qc2 h6 15. f4 Rac8 16. Qb3 Bxe5 17. dxe5 Ng4 18. Be2 Qh4 19. Bxg4 Qxg4 20. Qc2 b5 21. Nc3 Nb6 22. cxb5 Nc4 23. h3 Qg3 24. Qf2 Qg6 25. bxa6 Ba8 26. f5 exf5 27. Rc2 Rd3 28. Nd1 Rcd8 29. Bc1 Rxd1 30. Rxc4 Rxf1+ 31. Kxf1 Qxa6 32. Qe2 Be4 0-1

[Event "V Open RGCC 2019"]
[Site "Gijon"]
[Date "2019.07.23"]
[Round "2.6"]
[White "Rego, Pedro Filipe"]
[Black "Del Rio De Angelis, Salvador G."]
[Result "1/2-1/2"]
[WhiteElo "2249"]
[BlackElo "2464"]
[Annotator "ChessBase"]
[PlyCount "49"]
[EventDate "2019.07.22"]
[EventType "swiss"]
[EventCountry "ESP"]
[SourceTitle "playchess.com"]
[Source "ChessBase"]
[SourceQuality "1"]
[TimeControl "5400+30"]

1. e4 c5 2. c4 g6 3. Nc3 Bg7 4. g3 Nc6 5. Bg2 e6 6. Nge2 Nge7 7. d3 a6 8. O-O Rb8 9. Be3 Nd4 10. Rb1 b5 11. b4 Nxe2+ 12. Nxe2 cxb4 13. Rxb4 O-O 14. cxb5 axb5 15. a4 Ba6 16. axb5 Bxb5 17. Bg5 h6 18. Bf4 e5 19. Be3 Ba6 20. Rxb8 Qxb8 21. Qd2 Kh7 22. Ra1 Qd6 23. Qa5 Bxd3 24. Rd1 Qa6 25. Ra1 1/2-1/2

[Event "V Open RGCC 2019"]
[Site "Gijon"]
[Date "2019.07.23"]
[Round "2.7"]
[White "Tejedor Fuente, Enrique"]
[Black "Rottenwohrer Suarez, Juan"]
[Result "1-0"]
[WhiteElo "2442"]
[BlackElo "2227"]
[Annotator "TA"]
[PlyCount "49"]
[EventDate "2019.07.22"]
[EventType "swiss"]
[EventCountry "ESP"]
[SourceTitle "playchess.com"]
[Source "ChessBase"]
[SourceQuality "1"]

{[%evp 10,57,2,6,14,0,0,0,-3,-10,0,-4,11,4,14,6,18,19,8,11,14,9,22,12,18,26,36,0,-6,-12,93,92,117,106,447,437,526,524,505,481,875,840,843,823,953,941,939,937,1855,1841]} 1. d4 Nf6 2. Nc3 d5 3. Bg5 Bf5 4. Bxf6 exf6 5. e3 c6 6. Bd3 Qd7 {D01: Veresov Opening} (6... Bxd3 7. Qxd3 g6 8. Nge2 f5 9. h3 h5 10. f3 Nd7 11. e4 fxe4 12. fxe4 dxe4 13. Nxe4 Qa5+ 14. c3 Be7 15. O-O {1-0 (23) Nakamura,H (2784)-Mamedyarov,S (2753) Moscow 2013}) 7. a3 $146 ({Predecessor:} 7. Nge2 Bxd3 8. Qxd3 Na6 9. O-O f5 10. Nf4 Bd6 11. Nce2 O-O 12. c4 dxc4 13. Qxc4 Nc7 14. Rfd1 {½-½ (40) Markos,J (2589)-Dovzik,J (2330) Slovakia 2014}) 7... Bd6 8. Nf3 O-O {The position is equal.} 9. O-O Re8 10. Ne2 a5 11. c4 dxc4 12. Bxc4 Na6 13. Rc1 Nc7 14. Nc3 Bg4 15. Be2 f5 16. Qb3 Ne6 17. d5 Nc5 18. dxc6 bxc6 19. Qc4 Re6 (19... f4 $11 {remains equal.} 20. Nd4 Bxe2 21. Qxe2 Rab8) 20. Rfd1 $36 {[%mdl 2048] [#] Hoping for Qxc5! White is really pushing.} Qe7 21. h3 Rh6 $2 {[%mdl 8192]} (21... Bxf3 $16 {is more resistant.} 22. Bxf3 Be5) 22. hxg4 $18 {White is clearly winning.} Ne4 23. Nxe4 fxe4 24. g5 Rh5 {[#]} (24... exf3 $142 25. gxh6 fxe2) 25. Qxc6 {Played: Rd1xd6} 1-0

[Event "V Open RGCC 2019"]
[Site "Gijon"]
[Date "2019.07.24"]
[Round "3.1"]
[White "Veiga, Jose Francisco R P N"]
[Black "Grigoryan, Karen H."]
[Result "0-1"]
[WhiteElo "2357"]
[BlackElo "2549"]
[Annotator "TA"]
[PlyCount "90"]
[EventDate "2019.07.22"]
[EventType "swiss"]
[EventCountry "ESP"]
[SourceTitle "playchess.com"]
[Source "ChessBase"]
[SourceQuality "1"]

{[%evp 21,118,0,0,0,0,-7,2,-10,-10,-16,0,-4,-7,-8,-13,0,0,-13,-16,-12,-12,-13,-6,-12,0,0,0,0,0,-119,-127,-113,-122,-123,-121,-126,-113,-107,-109,-115,-112,-110,-98,-111,-91,-106,-61,-64,-61,-61,-61,-116,-113,-131,-113,-150,-148,-134,-148,-132,-135,-131,-127,-278,-283,-298,-297,-285,-300,-343,-285,-372,-343,-329,-335,-416,-417,-440,-402,-388,-396,-611,-400,-581,-602,-694,-690,-647,-600,-588,-577,-666,-608,-758,-750,-748,-739,-677,-673]} 1. e4 e5 2. Nf3 Nc6 3. Bb5 Bc5 4. O-O d6 5. c3 a6 6. Ba4 b5 7. Bb3 Nf6 8. d4 Bb6 9. a4 Bb7 10. Re1 O-O 11. axb5 axb5 12. Rxa8 {C78: Ruy Lopez: Archangelsk and Möller Defences} Qxa8 13. Bg5 Nd7 14. Bd5 {The position is equal.} (14. Qd3 exd4 15. cxd4 Bxd4 16. Qxb5 Nde5 17. Nbd2 Qa7 18. Nxd4 Nxd4 19. Qa4 Qxa4 20. Bxa4 {0-1 (64) Arenas Vanegas,D (2435)-Bachmann,A (2628) Bogota 2014}) 14... h6 $146 ({Predecessor:} 14... Qa7) 15. Be3 Nf6 16. Bxc6 Bxc6 17. dxe5 dxe5 18. Bxb6 cxb6 19. Nxe5 Bxe4 20. f3 Rd8 21. Qb3 Rd5 22. Nd2 Bf5 {aiming for ...Qe8.} 23. Nf1 Be6 {...Rxe5! is the strong threat.} 24. Qb4 Qc8 25. Qf4 (25. f4 $11 {remains equal.}) 25... Qc5+ $17 26. Kh1 Qf2 $36 {[%mdl 2048] White is under strong pressure.} 27. Qc1 Nh5 {Hoping for ...Nf4!} 28. Qe3 Qxe3 29. Rxe3 {[#]} Rd1 $1 {[%cal Rd1f1][%mdl 512]} 30. Kg1 Nf4 31. Kf2 Rb1 32. Nd3 Nxd3+ 33. Rxd3 {[%mdl 4096] Endgame KRB-KRN} Bc4 34. Rd8+ Kh7 35. Nd2 Rxb2 36. Ke1 ({White should try} 36. h4 $15) 36... Rc2 37. Rd6 Rxc3 38. Rxb6 Re3+ 39. Kd1 Be2+ 40. Ke1 {[#]} Bd3+ $1 41. Kd1 g5 42. Nb3 $2 (42. Ne4 $17 Bf1 43. Nf6+ Kg7 44. Ng4) 42... Bf1 $19 43. Nd4 Bxg2 {And now ...Rd3+ would win.} 44. Kd2 Re5 45. f4 gxf4 {Played: Re5-d5} 0-1